000 01111nam a2200373 c 4500
001 a5232594
003 SpMaBN
005 20210826102647.0
008 120706s2012 sp | |||| 001 0 spa
015 _aMON12
017 _aB 8212-2012
_bOficina Depósito Legal Barcelona
020 _a9788408006732
035 _a(OCoLC)828273482
040 _aSpMaBN
_cIUNIR
041 1 _aspa
_heng
080 _a338.124.4:336.76
080 _a330.342.14
100 1 _aKlein, Naomi
_d1970-
_0XX1557396
240 1 4 _aThe shock doctrine
_lEspañol
245 1 3 _aLa doctrina del shock :
_bel auge del capitalismo del desastre
_cNaomi Klein ; [traducción de Isabel Fuentes García ... et al.]
250 _a1ª ed. en colección Booket
260 _a[Barcelona]
_bBooket
_c2012
300 _a702 p.
_c19 cm
336 _aTexto (visual)
_2isbdcontent
337 _asin mediación
_2isbdmedia
490 0 _aDivulgación
_v3305
500 _aÍndice
650 7 _aCrisis financieras
_2embne
650 7 _aCapitalismo
_2embne
650 7 _aPsicologia
_9108
901 _aMON1207
942 _2cdu
_cBK
956 _a2
999 _c5262
_d5262